| 000 | 00427nam a2200181Ia 4500 | ||
|---|---|---|---|
| 001 | 11532 | ||
| 005 | 20260306162835.0 | ||
| 008 | 260306t1999||||xx |||||||||||||| ||spa|| | ||
| 041 | _aESP | ||
| 082 |
_a985.072 _bD211 |
||
| 100 |
_aDabène, Olivier _eAUT |
||
| 245 | 0 | _aAmérica latina en el siglo XX | |
| 260 | _c1999 | ||
| 300 |
_a255 páginas : _c21 cm. |
||
| 650 | _aGEN | ||
| 654 | _aCHU | ||
| 942 |
_cLIB _dJUS _fJUS _2ddc _n |
||
| 999 |
_c11532 _d11532 |
||